000 00435cam a2200181 4500
001 D3329
008 090401t1983 xxu||||| |||| 00| 0 eng d
035 _a(Sirsi) u72808
041 _aeng
050 _a690.54
110 _aEconomic Development Committee for Building
_950
245 _aFaster building for industry
260 _aLondon
_bHMSO
_c1983
300 _a107p. 30cm
350 _a12
942 _n0
948 _c04/03/1997
999 _c95532
_d95532